Quel est le département suivant ? Aléatoire. - Statistiques

Statistiques générales
  • Ce quiz a été pris 260 fois
  • Le résultat moyen est 8 sur 10
Statistiques - réponses
Département Suivant % Correct
Ain Aisne
100%
Alpes-Maritimes Ardèche
100%
Ardèche Ardennes
100%
Ardennes Ariège
100%
Aude Aveyron
100%
Aveyron Bouches-du-Rhône
100%
Cantal Charente
100%
Charente Charente-Maritime
100%
Corrèze Corse-du-Sud
100%
Côte-d'Or Côtes d'Armor
100%
Creuse Dordogne
100%
Territoire de Belfort Essonne
100%
Eure Eure-et-Loir
100%
Eure-et-Loir Finistère
100%
Finistère Gard
100%
Gers Gironde
100%
Val-d'Oise Guadeloupe
100%
Martinique Guyane
100%
Corse-du-Sud Haute-Corse
100%
Gard Haute-Garonne
100%
Marne Haute-Marne
100%
Alpes-de-Haute-Provence Hautes-Alpes
100%
Savoie Haute-Savoie
100%
Pyrénées-Atlantiques Hautes-Pyrénées
100%
Vienne Haute-Vienne
100%
Bas-Rhin Haut-Rhin
100%
Gironde Hérault
100%
Hérault Ille-et-Vilaine
100%
Ille-et-Vilaine Indre
100%
Indre Indre-et-Loire
100%
Guyane La Réunion
100%
Loire-Atlantique Loiret
100%
Loiret Lot
100%
Lot Lot-et-Garonne
100%
Haute-Marne Mayenne
100%
Orne Pas-de-Calais
100%
Pas-de-Calais Puy-de-Dôme
100%
Puy-de-Dôme Pyrénées-Atlantiques
100%
Hautes-Pyrénées Pyrénées-Orientales
100%
Haut-Rhin Rhône
100%
Haute-Saône Saône-et-Loire
100%
Paris Seine-Maritime
100%
Deux-Sèvres Somme
100%
Tarn Tarn-et-Garonne
100%
Seine-St-Denis Val-de-Marne
100%
Vendée Vienne
100%
Haute-Vienne Vosges
100%
Indre-et-Loire Isère
86%
Isère Jura
86%
Aisne Allier
83%
Nord Oise
83%
Haute-Savoie Paris
83%
Manche Marne
80%
Calvados Cantal
75%
Charente-Maritime Cher
75%
Dordogne Doubs
75%
Doubs Drôme
75%
Haute-Loire Loire-Atlantique
75%
Allier Alpes-de-Haute-Provence
71%
Hautes-Alpes Alpes-Maritimes
67%
Ariège Aube
67%
Loire Haute-Loire
67%
Jura Landes
67%
Meurthe-et-Moselle Meuse
67%
Moselle Nièvre
67%
Hauts-de-Seine Seine-St-Denis
67%
Val-de-Marne Val-d'Oise
67%
Var Vaucluse
67%
Vaucluse Vendée
67%
Loir-et-Cher Loire
60%
Meuse Morbihan
60%
Vosges Yonne
57%
Aube Aude
50%
Pyrénées-Orientales Bas-Rhin
50%
Bouches-du-Rhône Calvados
50%
Haute-Corse Côte-d'Or
50%
Landes Loir-et-Cher
50%
Lozère Maine-et-Loire
50%
Guadeloupe Martinique
50%
La Réunion Mayotte
50%
Oise Orne
50%
Somme Tarn
50%
Tarn-et-Garonne Var
50%
Yvelines Deux-Sèvres
40%
Mayenne Meurthe-et-Moselle
33%
Nièvre Nord
33%
Saône-et-Loire Sarthe
33%
Seine-Maritime Seine-et-Marne
33%
Côtes d'Armor Creuse
25%
Morbihan Moselle
25%
Cher Corrèze
0%
Drôme Eure
0%
Haute-Garonne Gers
0%
Rhône Haute-Saône
0%
Essonne Hauts-de-Seine
0%
Maine-et-Loire Manche
0%
Sarthe Savoie
0%
Yonne Territoire de Belfort
0%
Seine-et-Marne Yvelines
0%
Aucun quiz correspondant
Distribution des résultats
% des personnes avec chaque résultat
Percentile par nombre de réponses
Votre historique - résultats
Vous n’avez pas pris ce quiz